Regionální rozdíly ve vývoji úmrtnosti v letech 1981-1985.

Sledovanie úmrtnosti ako jedného z demografických ukazovateľov. Metodika na zostavovanie tabuliek úmrtnosti v ČSFR. Štatistické údaje za jednotlivé okresy a kraje podľa dĺžky života - jednotlivých vekových skupín a pohlavia.

Salvato in:
Dettagli Bibliografici
Autore principale: Kraus, Josef
Natura: Capitolo di libro
Lingua:ceco
Soggetti:
Tags: Aggiungi Tag
Nessun Tag, puoi essere il primo ad aggiungerne!!

MARC

LEADER 00000naa a2200000 4500
001 r003262
005 20221125081352.4
041 0 |a cze 
044 |a [CS] 
245 1 0 |a Regionální rozdíly ve vývoji úmrtnosti v letech 1981-1985.  |c J. Kraus 
520 |a Sledovanie úmrtnosti ako jedného z demografických ukazovateľov. Metodika na zostavovanie tabuliek úmrtnosti v ČSFR. Štatistické údaje za jednotlivé okresy a kraje podľa dĺžky života - jednotlivých vekových skupín a pohlavia. 
610 2 0 |a úmrtnosť 
610 2 0 |a demografia ekonomická 
610 2 0 |a 1981-1985 
610 2 0 |a ČSFR 
610 2 0 |a údaje štatistické 
100 1 |a Kraus, Josef